00866nam a2200181 a 4500001000200000003000400002005001700006008004100023040002500064082003000089110009100119245025400210260007400464300002300538500003600561610004900597700003800646 OSt20220303083154.0110824s1939 dr 000 0 spa d aDO-SdBNPbspacBNPHU a355.37293bR426m 19392222 aRepública DominicanabEjercito Nacional. Cuartel General bOficina de Estado Mayor 10aMemoria que al generalísimo Rafael L. Trujillo Molina, comandante en jefe del Ejercito Nacional : brinde el general de brigada, jefe del Estado Mayor Héctor B. Trujillo Molina M.M. de la labor realizada por el ejercito durante el año 1937 aCiudad Trujillo, República Dominicana :bEjercito Nacional, c1937. a221 p. : c29 cm.  aTítulo tomado de la cubierta 14aRepública Dominicana.bEjercito Nacional . aTrujillo Molina M.M, Héctor B.